Culture in the state reporting procedure of the UN Human Rights treaty bodies : (Record no. 6522)

MARC details
000 -LEADER
fixed length control field 02259cam a2200445 i 4500
001 - CONTROL NUMBER
control field on1202605645
003 - CONTROL NUMBER IDENTIFIER
control field TZ-ArACH
005 - DATE AND TIME OF LATEST TRANSACTION
control field 20220308150958.0
008 - FIXED-LENGTH DATA ELEMENTS--GENERAL INFORMATION
fixed length control field 201102t20202020enk b 000 0 eng d
016 7# - NATIONAL BIBLIOGRAPHIC AGENCY CONTROL NUMBER
Record control number 020189719
Source Uk
020 ## - INTERNATIONAL STANDARD BOOK NUMBER
International Standard Book Number 9781839700064
Qualifying information (paperback)
020 ## - INTERNATIONAL STANDARD BOOK NUMBER
International Standard Book Number 1839700068
Qualifying information (paperback)
020 ## - INTERNATIONAL STANDARD BOOK NUMBER
Cancelled/invalid ISBN 9781839700095
Qualifying information (PDF)
035 ## - SYSTEM CONTROL NUMBER
System control number (OCoLC)1202605645
040 ## - CATALOGING SOURCE
Original cataloging agency Y$R
Language of cataloging eng
Description conventions rda
Transcribing agency TZ-ArACH
041 ## - LANGUAGE CODE
Language code of text/sound track or separate title eng
Language code of summary or abstract/overprinted title or subtitle eng
-- dut
049 ## - LOCAL HOLDINGS (OCLC)
Holding library TZAA
050 #4 - LIBRARY OF CONGRESS CALL NUMBER
Classification number JC571
Item number .V54 2020
100 1# - MAIN ENTRY--PERSONAL NAME
Personal name Vleugel, Vincent Willem,
Dates associated with a name 1984-
Relator term author.
Relator code aut
245 10 - TITLE STATEMENT
Title Culture in the state reporting procedure of the UN Human Rights treaty bodies :
Remainder of title how the HRC, the CESCR and the CEDAWCee use human rights as a sword to protect and promote culture, and as a shield to protect against harmful culture /
Statement of responsibility, etc Vincent Willem Vleugel.
260 ## - PUBLICATION, DISTRIBUTION, ETC. (IMPRINT)
Place of publication, distribution, etc Cambridge ;
-- Antwerp ;
-- Chicago :
Name of publisher, distributor, etc Intersentia,
Date of publication, distribution, etc 2020.
300 ## - PHYSICAL DESCRIPTION
Extent xiv, 375 pages ;
Dimensions 24 cm.
490 1# - SERIES STATEMENT
Series statement Human Rights Research Series ;
Volume number/sequential designation volume 89
500 ## - GENERAL NOTE
General note "Netherlands Network for Human Rights Research" -- Cover.
504 ## - BIBLIOGRAPHY, ETC. NOTE
Bibliography, etc Includes bibliographic references.
505 00 - FORMATTED CONTENTS NOTE
Miscellaneous information Introduction --
Title Human rights and cultural diversity : between and beyond universalism and cultural relativisim --
-- UN treaty bodies : treaties, committees, working methods --
-- Human rights as a sword : to protect and promote cultural diversity --
-- Human rights as a shield : to protect against harmful aspects of culture --
-- Cultural argumentation : the state reporting procedure as a platform for cross-cultural dialogue --
Miscellaneous information Conclusion:
Title How the treaty bodies universalise human rights.
540 ## - TERMS GOVERNING USE AND REPRODUCTION NOTE
Terms governing use and reproduction British Library not licensed to copy
Authorization 0.
Institution to which field applies Uk
546 ## - LANGUAGE NOTE
Language note Text in English; summary in English and Dutch.
650 #0 - SUBJECT ADDED ENTRY--TOPICAL TERM
Topical term or geographic name as entry element Human rights.
650 #0 - SUBJECT ADDED ENTRY--TOPICAL TERM
Topical term or geographic name as entry element Cultural pluralism.
650 #0 - SUBJECT ADDED ENTRY--TOPICAL TERM
Topical term or geographic name as entry element International relations and culture.
650 #0 - SUBJECT ADDED ENTRY--TOPICAL TERM
Topical term or geographic name as entry element Human rights
General subdivision Culture.
650 #0 - SUBJECT ADDED ENTRY--TOPICAL TERM
Topical term or geographic name as entry element Human rights
General subdivision culture Diversity.
650 #7 - SUBJECT ADDED ENTRY--TOPICAL TERM
Topical term or geographic name as entry element International relations and culture.
Source of heading or term fast
650 #7 - SUBJECT ADDED ENTRY--TOPICAL TERM
Topical term or geographic name as entry element Cultural pluralism.
Source of heading or term fast
650 #7 - SUBJECT ADDED ENTRY--TOPICAL TERM
Topical term or geographic name as entry element Human rights.
Source of heading or term fast
710 2# - ADDED ENTRY--CORPORATE NAME
Corporate name or jurisdiction name as entry element Netherlands Network for Human Rights Research,
Relator term issuing body.
830 #0 - SERIES ADDED ENTRY--UNIFORM TITLE
Uniform title Human rights research series ;
Volume number/sequential designation vol. 89.
942 ## - ADDED ENTRY ELEMENTS (KOHA)
Source of classification or shelving scheme Library of Congress Classification
Koha item type Books
Holdings
Home library Current library Date acquired Full call number Barcode Koha item type Public note
African Court on Human and Peoples' Rights Library African Court on Human and Peoples' Rights Library 08/03/2022 JC571 .V54 2929 10197168 Books Donation from Raoul Wallenberg Institute, November 2021

African Court on Human and Peoples' Rights | For Inquiries Contact » +255 272 510 510